000 00747nam a22002057a 4500
005 20100731115222.0
010 _aENG-97436
020 _a9788184350999
_c525.00
035 _aEN-80969
037 _bDBAD/PUB
082 _a363.34
100 _aSingh, B.K.
_95505
245 _aDisaster management /
_cby B.K. Singh
260 _aNew Delhi
_bAdhyayan Publishers & Distributors
_c2008
270 _a4378/4 B, 105, J.M.D. House Murari Lal Street Ansari Road, Darya Gang
_bNew Delhi
_e110002
300 _a198p:
_bill.
_c21cm (Hb)
500 _aincludes index
942 _2ddc
_cEN
_h363.34
_mSIN
999 _c38388
_d38388